| Tag |
First Indicator |
Second Indicator |
Subfields |
| LEADER |
00000cam a2200000 i 4500 |
| 001 |
in00003598310 |
| 005 |
20211120173243.0 |
| 006 |
m o d f |
| 007 |
cr bn||||||||| |
| 008 |
140630s1902 dcubf ob f001 0 eng c |
| 019 |
|
|
|a 654203163
|a 760756624
|
| 035 |
|
|
|a (OCoLC)ocn882122569
|
| 040 |
|
|
|a COP
|b eng
|e rda
|e pn
|c COP
|d OCLCO
|d OCLCE
|d OCLCF
|d OCLCA
|d GPO
|d MvI
|d UtOrBLW
|
| 042 |
|
|
|a pcc
|
| 043 |
|
|
|a n-us---
|
| 049 |
|
|
|a WWW
|
| 074 |
|
|
|a 0620 (online)
|
| 086 |
0 |
|
|a I 19.3:201
|
| 100 |
1 |
|
|a Wilson, Herbert M.
|q (Herbert Michael),
|d 1860-1920,
|e author.
|0 http://id.loc.gov/authorities/names/n85188635
|
| 245 |
1 |
0 |
|a Results of primary triangulation and primary traverse, fiscal year 1901-02 /
|c by H.M. Wilson [and three others].
|
| 246 |
3 |
7 |
|a Primary triangulation and primary traverse
|
| 264 |
|
1 |
|a Washington, D.C. :
|b Department of the Interior, United States Geological Survey,
|c 1902.
|
| 264 |
|
2 |
|a Washington :
|b Government Printing Office
|
| 300 |
|
|
|a 1 online resource (164 pages, 1 page of plates) :
|b color map.
|
| 336 |
|
|
|a text
|b txt
|2 rdacontent
|
| 337 |
|
|
|a computer
|b c
|2 rdamedia
|
| 338 |
|
|
|a online resource
|b cr
|2 rdacarrier
|
| 490 |
1 |
|
|a Series F, Geography, 33
|
| 490 |
1 |
|
|a Bulletin (Geological Survey (U.S.)) ;
|v no. 201
|
| 500 |
|
|
|a Title from title screen (viewed June 26, 2014).
|
| 504 |
|
|
|a Includes index.
|
| 650 |
|
0 |
|a Geographical positions
|z United States.
|
| 650 |
|
0 |
|a Traverses (Surveying)
|0 http://id.loc.gov/authorities/subjects/sh85137185
|
| 650 |
|
0 |
|a Triangulation
|z United States.
|
| 650 |
|
7 |
|a Surveying.
|2 fast
|0 (OCoLC)fst01139579
|
| 650 |
|
7 |
|a Triangulation.
|2 fast
|0 (OCoLC)fst01156446
|
| 651 |
|
0 |
|a United States
|x Surveys.
|0 http://id.loc.gov/authorities/subjects/sh85140558
|
| 651 |
|
7 |
|a United States.
|2 fast
|0 (OCoLC)fst01204155
|
| 655 |
|
7 |
|a Surveys.
|2 fast
|0 (OCoLC)fst01423895
|
| 710 |
2 |
|
|a Geological Survey (U.S.),
|e issuing body.
|0 http://id.loc.gov/authorities/names/n80092173
|
| 776 |
0 |
8 |
|i Print version:
|a Wilson, Herbert M
|t Results of primary triangulation and primary traverse, fiscal year 1901-02
|w (OCoLC)45278464
|
| 830 |
|
0 |
|a Series F--Geography ;
|v 33.
|0 http://id.loc.gov/authorities/names/no2005120912
|
| 830 |
|
0 |
|a Bulletin (Geological Survey (U.S.)) ;
|v no. 201.
|0 http://id.loc.gov/authorities/names/no2010146370
|
| 856 |
4 |
0 |
|u https://purl.fdlp.gov/GPO/gpo59703
|t 0
|
| 999 |
f |
f |
|s dd95d8e8-b35d-32ba-afe6-31b543b37f25
|i 3fe4bbd9-6dc9-35c0-845c-02db4a486705
|t 0
|
| 952 |
f |
f |
|a Texas A&M University
|b College Station
|c Electronic Resources
|d Available Online
|t 0
|e I 19.3:201
|h Superintendent of Documents classification
|
| 998 |
f |
f |
|a I 19.3:201
|t 0
|l Available Online
|